Microsoft Access 97 (Record no. 541766)

000 -LEADER
fixed length control field 00932cmm a2200229 a 4500
020 ## - INTERNATIONAL STANDARD BOOK NUMBER
International Standard Book Number 0201315114
082 10 - DEWEY DECIMAL CLASSIFICATION NUMBER
Classification number 005.369
Author Mark DUF
-- N-01,p39
100 ## - MAIN ENTRY--PERSONAL NAME
Personal name Duffy , Tim
9 (RLIN) 36801
245 10 - TITLE STATEMENT
Title Microsoft Access 97
Statement of responsibility, etc. Tim Duffy
260 ## - PUBLICATION, DISTRIBUTION, ETC.
Place of publication, distribution, etc. USA :
Name of publisher, distributor, etc. Addison Wesley Publishing company ,
Date of publication, distribution, etc. c1997.
300 ## - PHYSICAL DESCRIPTION
Extent various pagings.:
Dimensions 28 cm.
500 ## - GENERAL NOTE
General note "Upgrade"--Container.
500 ## - GENERAL NOTE
General note Title from disc label.
520 ## - SUMMARY, ETC.
Summary, etc. Relational database management system that allows user to create tables, forms, queries, and reports from more than twenty customizable templates. Enables data entry and analysis from the Internet or an intranet utilizing HTML and hyperlinks.
526 ## - STUDY PROGRAM INFORMATION NOTE
Program name 0
Interest level 0
Reading level 0
Title point value 005_369000000000000_DUF
526 ## - STUDY PROGRAM INFORMATION NOTE
Program name 0
Interest level 0
Reading level 0
Title point value 005_369000000000000_DUF
650 #0 - SUBJECT ADDED ENTRY--TOPICAL TERM
Topical term or geographic name entry element Database management
9 (RLIN) 18068
650 #0 - SUBJECT ADDED ENTRY--TOPICAL TERM
Topical term or geographic name entry element NUST
9 (RLIN) 6342
650 #0 - SUBJECT ADDED ENTRY--TOPICAL TERM
Topical term or geographic name entry element Relational databases
9 (RLIN) 36802
710 2# - ADDED ENTRY--CORPORATE NAME
Corporate name or jurisdiction name as entry element Microsoft Corporation.
9 (RLIN) 36803
942 ## - ADDED ENTRY ELEMENTS (KOHA)
Source of classification or shelving scheme
Koha item type Book
Holdings
Withdrawn status Lost status Source of classification or shelving scheme Damaged status Not for loan Permanent Location Current Location Date acquired Total Checkouts Full call number Barcode Date last seen Price effective from Koha item type
          Military College of Engineering (MCE) Military College of Engineering (MCE) 02/28/2014   005.369 DUF MCE-388 ACC 02/28/2014 02/28/2014 Book
          Military College of Engineering (MCE) Military College of Engineering (MCE) 08/28/2013   005.369 DUF MCE-44310 08/28/2013 08/28/2013 Book
© 2023 Central Library, National University of Sciences and Technology. All Rights Reserved.